[Event "Stay Safe Play From Home 302"]
[Site "Emanuel Lasker Arena"]
[Date "2020.07.14"]
[Round "7"]
[White "NTBT_DHS"]
[Black "Mepe_Nika"]
[Result "1-0"]
[WhiteElo "2491"]
[BlackElo "2352"]
[Annotator "TA"]
[PlyCount "41"]
[EventDate "2020.07.14"]
[EventType "swiss (blitz)"]

{[%evp 9,41,-57,-65,-68,-74,-69,-51,-35,-21,-91,-84,-143,-138,-107,-121,-160,95,110,465,35,40,0,437,412,2490,2431,2402,2264,29992,29988,29998,2475,29993,29994]} 1. d4 d5 2. Nc3 Nf6 3. Bg5 Bf5 4. f3 Nbd7 5. e4 dxe4 6. g4 {D01: Veresov Opening.} Bg6 $1 7. Qe2 {[%cal Rf3e4]} exf3 8. Nxf3 {[#] Black is slightly better.} e6 $146 ({Predecessor:} 8... h6 9. Bxf6 Nxf6 10. O-O-O Nd5 11. Qb5+ c6 12. Qxb7 Qc8 13. Ba6 Nb6 14. Qxc8+ Nxc8 {1-0 (63) Evans,C (1867)-Head,L (1754) England 2013}) 9. a3 (9. d5 $11 {keeps the balance.}) 9... Be7 $17 10. h4 (10. h3 $142) 10... Nxg4 11. Bh3 h5 12. O-O-O {[#]} c5 $2 (12... c6 $1 $17 {Threatens to win with ...Bf5.} 13. Rhf1 Bf5) 13. d5 $16 Qb6 $2 {[%mdl 8192]} (13... Bf5 $16) 14. Rhe1 $2 (14. Bxe7 $18 Kxe7 15. dxe6) 14... Bxg5+ $14 15. Nxg5 (15. hxg5 {with more complications.} O-O-O 16. dxe6 fxe6 17. Nb5 c4 18. Qxc4+ Qc5 19. Bf1) 15... O-O-O $2 {[%mdl 8192]} (15... e5 $11 {and Black has nothing to worry.}) 16. dxe6 $18 Qxe6 (16... fxe6 $142 17. Nxe6 {[%mdl 64] Double Attack} Rde8) 17. Nxe6 fxe6 18. Qxe6 Bh7 19. Nd5 Rhe8 20. Ne7+ (20. Qd6 $142 Rxe1 21. Qc7#) 20... Kb8 21. Rxd7 {Accuracy: White = 50%, Black = 39%.} 1-0

[Event "Stay Safe Play From Home 302"]
[Site "Emanuel Lasker Arena"]
[Date "2020.07.14"]
[Round "7"]
[White "Broken sword"]
[Black "Lazieri3"]
[Result "1-0"]
[WhiteElo "2384"]
[BlackElo "2111"]
[Annotator "TA"]
[PlyCount "113"]
[EventDate "2020.07.14"]
[EventType "swiss (blitz)"]

{[%evp 12,113,32,22,85,43,57,56,64,62,66,32,76,75,76,72,67,13,28,22,59,22,18,16,122,122,126,33,31,0,25,14,22,9,40,0,23,-272,0,-51,-15,-37,-12,-23,20,0,0,-54,-58,-58,-27,-29,-12,-6,70,-52,-37,-37,-22,-30,-5,-133,0,-30,0,-24,-13,-7,0,-8,15,14,12,4,3,-35,-35,-145,-105,-104,279,-74,-77,-96,592,586,975,974,1214,555,29983,29984,29983,29984,29986,29987,29987,29988,29988,29989,29989,29990,29989,29990]} 1. e4 c6 2. d4 d5 3. Nc3 dxe4 4. Nxe4 Nf6 5. Nxf6+ exf6 6. c3 Bd6 7. Bd3 g6 {[#] B15: Caro-Kann: 3 Nc3: 3...g6 and 3...dxe4 4 Nxe4 Nf6 5 Nxf6+ exf6.} (7... O-O $11) 8. Qc2 $146 ({Predecessor:} 8. h4 Nd7 9. h5 Nf8 10. hxg6 fxg6 11. Bh6 f5 12. Qd2 Be6 13. f4 a5 14. Rh2 a4 15. Bc4 Bxc4 16. Rc1 a3 17. Bxf8 Bxf8 18. g3 Kf7 {½-½ (18) Ochowicz,J (1597)-Poplawski,M (1605) Walbrzych 2013}) 8... Qe7+ 9. Ne2 Bg4 {White is slightly better.} 10. f3 Be6 11. Bd2 f5 12. O-O-O Nd7 13. Kb1 O-O-O 14. Bf4 (14. c4 $14) 14... Bxf4 15. Nxf4 Qd6 16. g3 Nb6 17. Rhe1 Bc4 (17... Rhe8 $11 {keeps the balance.}) 18. Bxc4 $1 $16 Nxc4 19. Qe2 (19. Qa4 $16 Nb6 20. Qxa7) 19... Nb6 $14 20. Qc2 Nd5 21. Nd3 Rhe8 {Threatens to win with ...Ne3.} 22. Ne5 Qc7 23. Qb3 (23. c4 $5 {[%cal Rc4d5]} Nb6 24. b3 $14) 23... Re7 24. Re2 $2 {[%mdl 8192]} (24. c4 $11 Nb6 25. Qc3) 24... Rde8 $2 (24... f6 $19 25. Nxc6 bxc6) 25. Red2 ({White should play} 25. c4 $11 Nb6 26. Rf2) 25... f6 26. Nd3 Ne3 27. Rc1 Nd5 28. Nc5 Qb6 (28... Re3 {seems wilder.} 29. Rd3 Rxd3 30. Nxd3 Qd8 31. Nc5 Nb6) 29. Rcd1 (29. Qa3 $11) 29... Qxb3 (29... Re3 {keeps more tension.} 30. f4 Kc7 31. Rc1 Qxb3 32. Nxb3 Re2) 30. axb3 b6 31. Nd3 Re2 32. Kc1 Kc7 (32... a5 $11) 33. f4 (33. c4 $14 Rxd2 34. Kxd2) 33... R2e4 $15 34. b4 Ne3 35. Re1 Nc4 36. Rdd1 {[#]} (36. Rxe4 $1 $11 fxe4 37. Re2) 36... Ne3 ({Black should try} 36... Re2 $1 $17 37. Rxe2 Rxe2) 37. Rd2 $11 Nc4 38. Rxe4 fxe4 {[%mdl 4096] Endgame KRN-KRN} 39. Re2 f5 40. Ne1 a5 41. b3 Nd6 42. bxa5 bxa5 43. Nc2 Rb8 44. b4 (44. Kb2 $15) 44... axb4 45. Nxb4 {Na6+ is the strong threat.} Nc4 $2 {[%mdl 8192]} (45... Ra8 $17 46. Ra2 Rxa2 47. Nxa2 Kb6) 46. Kc2 $2 ({Only move:} 46. Na6+ $18 Kc8 47. Nxb8 Kxb8 {[#]} 48. g4 $1 {[%mdl 512]}) 46... Kd6 47. Kb3 Na3 $2 {[%mdl 8192]} (47... Na5+ $17 {stays on course.} 48. Ka4 Ra8) 48. Kxa3 $18 {KRN-KR} c5 49. dxc5+ Kxc5 50. Kb3 Rxb4+ 51. cxb4+ {KR-KP. White mates.} Kd4 52. b5 Kd3 53. Re1 e3 54. b6 Kd2 55. Ra1 e2 56. b7 e1=Q 57. Rxe1 {Accuracy: White = 43%, Black = 39%.} 1-0

[Event "Stay Safe Play From Home 302"]
[Site "Emanuel Lasker Arena"]
[Date "2020.07.14"]
[Round "7"]
[White "Little champs"]
[Black "Bellbox"]
[Result "1-0"]
[WhiteElo "2297"]
[BlackElo "2048"]
[Annotator "TA"]
[PlyCount "87"]
[EventDate "2020.07.14"]
[EventType "swiss (blitz)"]

{[%evp 13,86,20,47,26,47,33,43,25,32,27,14,0,33,10,33,36,95,56,91,32,31,32,20,11,21,22,28,0,18,14,20,31,27,31,21,27,102,101,111,97,113,114,70,0,0,-62,-73,-77,-58,-87,-87,-380,-169,-230,-220,-273,-166,-178,-96,-88,-87,-141,-139,-791,0,0,1768,1782,1658,1537,29995,504,5410,1916,29999]} 1. d4 f5 2. e3 Nf6 3. Nf3 g6 4. Be2 Bg7 5. O-O O-O 6. c4 d6 7. Nc3 c6 8. b3 {A85: Dutch Defence: 2 c4 Nf6 3 Nc3.} Qa5 9. Bb2 e5 10. dxe5 {White is slightly better.} dxe5 11. a3 Qc7 12. Qc2 {[#]} Na6 $146 ({Predecessor:} 12... Nbd7 13. Rfd1 e4 14. Nd4 Ne5 15. c5 Neg4 16. g3 h5 17. Bc4+ Kh7 18. Nce2 g5 {1-0 (35) Smakic,S-Kontic,D (2303) Bijelo Polje 2004}) 13. Rad1 Qe7 14. b4 h6 (14... e4 $14) 15. c5 e4 {[#]} 16. Nd4 (16. Bxa6 $1 $16 {Black must now prevent Bc4+.} bxa6 17. Nd4) 16... Nc7 $14 17. Bc4+ Kh7 18. Nb3 Be6 19. Bxe6 Nxe6 20. Rd6 Rad8 21. Rfd1 Ng4 22. h3 Ne5 23. Ne2 Rxd6 24. cxd6 Qd7 (24... Qf7 $1 $11) 25. Nc5 $16 Nxc5 26. bxc5 b6 27. cxb6 axb6 28. Bxe5 (28. a4 $14) 28... Bxe5 $11 29. Nd4 (29. a4 $11) 29... c5 $15 ({Not} 29... Qxd6 30. Nf3 $16 (30. Qxc6 Rd8 $11) (30. Nxc6 Qc7 $11)) 30. Ne2 Rf6 31. Qb3 Rxd6 32. Rf1 $2 {[%mdl 8192]} (32. Rxd6 $17 Bxd6 33. a4) 32... Qe6 (32... b5 $142 {Threatens to win with ...Rd3.} 33. Qb1 Rd2) 33. Qb5 (33. Qxe6 $142 Rxe6 34. Rb1) 33... Rd2 $19 34. a4 Rb2 35. Qa6 Qc6 (35... Qd6 $19 36. Qa7+ Qc7 37. Qxc7+ Bxc7) 36. Rd1 $17 h5 {Strongly threatening ...Qd6!} 37. Qa7+ (37. Nf4 $142) 37... Kh6 38. h4 $2 {[%mdl 8192] [#]} (38. Nf4 $17 Qc7 39. Qa8) 38... Bd6 $2 ({Black should play} 38... Qd6 $1 $19 {[%cal Rd6d1][%mdl 512]} 39. Nc3 (39. Rxd6 Rb1+) 39... Rd2 40. Rxd2 Qxd2) 39. Nf4 $11 c4 $2 {[%mdl 8192]} (39... Bxf4 $11 40. exf4 Qf6) 40. Qf7 $18 {[%csl Gf4][%cal Rf7g6]} Bxf4 41. exf4 {White threatens Rd8 and mate.} c3 42. Rd7 (42. Rd8 $142 Rb1+ 43. Kh2 Rh1+ 44. Kxh1 Qf6 45. Qxf6 Kh7 46. Qh8#) 42... Rb1+ (42... Qxd7 $142 43. Qxd7 c2) 43. Kh2 {[%csl Gd7][%cal Rf7h7]} g5 44. Qh7# {Never resign too early! Accuracy: White = 53%, Black = 44%.} 1-0

[Event "Stay Safe Play From Home 302"]
[Site "Emanuel Lasker Arena"]
[Date "2020.07.14"]
[Round "7"]
[White "TheCHESSHOUSE"]
[Black "Jhhonnyy"]
[Result "0-1"]
[WhiteElo "2125"]
[BlackElo "2348"]
[Annotator "TA"]
[PlyCount "134"]
[EventDate "2020.07.14"]
[EventType "swiss (blitz)"]

{[%evp 21,134,20,20,-59,19,14,19,0,0,-60,0,-38,50,-102,-79,-103,-81,-86,-81,-76,-85,-85,-92,-68,-67,-93,-82,-71,-70,-89,-77,-104,-72,-216,-75,-143,-44,-49,-47,-51,0,0,0,0,81,0,0,0,0,0,0,0,49,0,81,70,114,120,189,220,184,82,103,8,120,16,170,0,104,0,29992,41,29985,91,375,0,44,44,340,0,0,-253,29966,29967,29966,29968,29967,29959,29959,741,386,8,282,8,8,0,0,-5104,-5097,-29976,-29978,-29984,-29985,-29985,-29983,-29986,-29987,-29989,-29990,-29990,-29991,-29991,-29992,-29993,-29992]} 1. d4 Nf6 2. c4 c5 3. d5 e6 4. Nc3 exd5 5. cxd5 d6 6. g3 g6 7. Bg2 Bg7 8. Nf3 O-O 9. O-O Re8 10. Bf4 Ne4 {10...Bf5 is setting a new trend.} 11. Nxe4 Rxe4 {[#]} 12. Qd2 $146 {A62: Modern Benoni: Fianchetto Variation without early ...Nbd7.} (12. Nd2 $11 Rb4 13. a3 Rxf4 14. gxf4) ({Predecessor:} 12. Nd2 Rb4 13. a3 Rxf4 14. gxf4 Bxb2 15. Ra2 Bg7 16. e4 Nd7 17. a4 Bh6 18. Qf3 Qh4 19. Qg3 Qf6 {0-1 (33) Gretarsson,H (2579)-Svidler,P (2723) chess.com INT 2020}) 12... a6 (12... Rb4 $1 $15) 13. Bh6 Bh8 14. Ng5 {The position is equal.} Rb4 15. b3 (15. Rab1 $11) 15... Nd7 (15... Bxa1 $15 16. Rxa1 f6) 16. Rad1 Ne5 (16... Nf6 $15) 17. e4 $2 (17. h3 $1 $14) 17... Ng4 $17 18. Nh3 Rd4 19. Qc1 Nxh6 20. Qxh6 {Black must now prevent Ng5.} Bg7 21. Qe3 Rxd1 22. Rxd1 b5 23. Kh1 Qe7 24. Ng1 Bb7 25. f4 Re8 26. Qf3 Qd7 27. Re1 {[#]} (27. f5 $17) 27... f5 (27... Bxd5 $1 $19 {[%mdl 512]} 28. Qd3 (28. exd5 Rxe1) 28... Qb7) 28. Qd3 (28. Qf1 $142) 28... fxe4 (28... Qc8 $1 $17 29. Qb1 c4 30. bxc4 bxc4) 29. Rxe4 $15 Rxe4 30. Qxe4 Bf6 ({Black should try} 30... Qf7 $15) 31. Bh3 $11 Qe7 32. Be6+ Kg7 (32... Kf8 $11) 33. f5 {[#]} (33. Nf3 $16) 33... Bc8 $1 {[%mdl 512]} 34. fxg6 (34. Bxc8 Qxe4+) 34... Bxe6 35. dxe6 hxg6 36. Nf3 Be5 37. Qd5 (37. Nxe5 {seems wilder.} dxe5 38. Qxe5+ Qf6 39. Qc7+ Kh6 40. Kg2) 37... Bf6 (37... Kf6 $11) 38. h4 a5 39. Kg2 a4 (39... Qc7 $16) 40. bxa4 $18 bxa4 41. Nd2 (41. g4 $1 $18 {has better winning chances.}) 41... a3 42. Ne4 (42. Nc4 $16) 42... Be5 (42... c4 $1 $11 {remains equal.}) 43. Ng5 ({Better is} 43. g4 $16) 43... Kf6 $2 (43... Qc7 $11) 44. Ne4+ (44. Qa8 $18 {Threatens to win with Qg8.} Bd4 45. Qc6 (45. Qxa3 Qb7+ 46. Qf3+ Qxf3+ 47. Kxf3 d5 $16)) 44... Kg7 $16 45. Ng5 ({White should play} 45. g4 $16) 45... Qf6 $2 {[%mdl 8192]} (45... Kf6 $11) 46. Nf3 $2 (46. Qb7+ Kf8 47. Nh7+ Kg8 48. Nxf6+ Bxf6 49. Qf7+ $1 {[%mdl 576] Double Attack} Kh8 50. Qxf6+ Kg8 51. e7 Kh7 52. e8=Q Kh6 53. Qfxg6#) 46... Bb2 $2 {[%mdl 8192]} (46... Qf5 $14) 47. Qe4 $2 (47. Qb7+ {mates} Kf8 48. Qc8+ Kg7 49. Qd7+ {[%mdl 64] Double Attack} Kg8 50. e7 Qxe7 51. Qxe7 Bc1 52. Qxd6 {[%mdl 64] Double Attack}) 47... Be5 $2 {[%mdl 8192]} (47... Qf5 $16 {was called for.} 48. Qb7+ Kg8) 48. Qg4 $2 (48. Qb7+ $18 Kg8 49. Ng5) 48... Qe7 49. h5 Qf6 $2 {[%mdl 8192]} (49... Qe8 $14) 50. hxg6 $2 (50. Nh4 $1 $18 Bd4 51. Qe4 (51. Qxg6+ Qxg6 52. Nxg6 c4 $18)) 50... Qxg6 $11 51. Qh3 $2 {[%mdl 8192]} (51. Nxe5 $11 {and White has nothing to worry.} dxe5 52. Qc4) 51... Qxg3+ $4 {[%mdl 8192]} (51... Qc2+ $19 52. Kg1 Qb1+ 53. Qf1 Qxf1+ 54. Kxf1 Bxg3) 52. Qxg3+ Bxg3 53. Kxg3 $19 {[%mdl 4096] Endgame KN-K3P} Kf6 54. Kf4 Kxe6 55. Ng5+ (55. Ke3 $142 Kf5 56. Nd2 Ke6 57. Kd3 Kd7 58. Kc4 Kc6 59. Kb3 Kb5 60. Nc4) 55... Kd5 $18 {[#]} 56. Ne4 $2 (56. Ke3 $1 $18) 56... Kc4 $2 {[%mdl 8192] [#]} (56... Kd4 $1 $11) 57. Nxd6+ $2 {KN-KPP} ({White has to play} 57. Ke3 $1 $18 d5 58. Nf6) 57... Kc3 $11 {Hoping for ...Kb2.} 58. Nb7 Kb2 59. Na5 $2 {[%mdl 8192]} (59. Nxc5 $11 Kxa2 60. Nd3) 59... Kxa2 $19 60. Nc4 Kb3 {Black mates.} 61. Nxa3 Kxa3 {KP-K} 62. Ke3 Kb2 63. Kd2 c4 64. Kd1 c3 65. Ke2 c2 66. Kf3 c1=Q 67. Ke4 Qc2+ {Quite a comeback for Black. Accuracy: White = 33%, Black = 39%.} 0-1

[Event "Stay Safe Play From Home 302"]
[Site "Emanuel Lasker Arena"]
[Date "2020.07.14"]
[Round "7"]
[White "Fischer_11"]
[Black "NeatFox"]
[Result "1-0"]
[WhiteElo "2041"]
[BlackElo "1820"]
[Annotator "NA"]
[PlyCount "135"]
[EventDate "2020.07.14"]
[EventType "swiss (blitz)"]

1. e4 {[%emt 0:00:01]} e5 {[%emt 0:00:01]} 2. Nc3 {[%emt 0:00:01]} Nc6 {[%emt 0:00:01]} 3. Bc4 {[%emt 0:00:00]} d6 {[%emt 0:00:00]} 4. d3 {[%emt 0:00:01]} Be6 {[%emt 0:00:00]} 5. Bb5 {[%emt 0:00:01]} Bd7 {[%emt 0:00:01]} 6. f4 {[%emt 0:00:01]} exf4 {[%emt 0:00:01]} 7. Bxf4 {[%emt 0:00:00]} Be7 {[%emt 0:00:00]} 8. Nf3 {[%emt 0:00:01]} Nf6 {[%emt 0:00:00]} 9. O-O {[%emt 0:00:01]} O-O {[%emt 0:00:00]} 10. Qd2 {[%emt 0:00:02]} a6 {[%emt 0:00:01]} 11. Ba4 {[%emt 0:00:01]} b5 {[%emt 0:00:01]} 12. Bb3 {[%emt 0:00:00]} a5 {[%emt 0:00:01]} 13. a4 {[%emt 0:00:01]} b4 {[%emt 0:00:01]} 14. Ne2 {[%emt 0:00:01]} Be6 {[%emt 0:00:01]} 15. Bxe6 {[%emt 0:00:03]} fxe6 {[%emt 0:00:00]} 16. Ned4 {[%emt 0:00:01]} Nxd4 {[%emt 0:00:01]} 17. Nxd4 {[%emt 0:00:00]} e5 {[%emt 0:00:00]} 18. Nc6 {[%emt 0:00:01]} Qd7 {[%emt 0:00:01]} 19. Nxe7+ {[%emt 0:00:01]} Qxe7 {[%emt 0:00:01]} 20. Bg5 {[%emt 0:00:00]} Qe6 {[%emt 0:00:02]} 21. Rf5 {[%emt 0:00:04]} h6 {[%emt 0:00:01]} 22. Bxf6 {[%emt 0:00:01]} Rxf6 {[%emt 0:00:01]} 23. Raf1 {[%emt 0:00:02]} Rxf5 {[%emt 0:00:01]} 24. Rxf5 {[%emt 0:00:00]} Rf8 {[%emt 0:00:01]} 25. Rxf8+ {[%emt 0:00:02]} Kxf8 {[%emt 0:00:00]} 26. Qf2+ {[%emt 0:00:01]} Qf6 {[%emt 0:00:00]} 27. Qa7 {[%emt 0:00:01]} c5 {[%emt 0:00:03]} 28. Qxa5 {[%emt 0:00:01]} Qf4 {[%emt 0:00:03]} 29. Qd8+ {[%emt 0:00:02]} Kf7 {[%emt 0:00:01]} 30. Qd7+ {[%emt 0:00:01]} Kg8 {[%emt 0:00:02]} 31. Qxd6 {[%emt 0:00:02]} Qe3+ {[%emt 0:00:01]} 32. Kf1 {[%emt 0:00:02]} Qc1+ {[%emt 0:00:02]} 33. Kf2 {[%emt 0:00:01]} Qf4+ {[%emt 0:00:00]} 34. Ke2 {[%emt 0:00:01]} Qg4+ {[%emt 0:00:01]} 35. Kd2 {[%emt 0:00:01]} Qxg2+ {[%emt 0:00:00]} 36. Ke3 {[%emt 0:00:01]} Qg1+ {[%emt 0:00:02]} 37. Kf3 {[%emt 0:00:01]} Qf1+ {[%emt 0:00:02]} 38. Kg4 {[%emt 0:00:01]} Qg2+ {[%emt 0:00:01]} 39. Kf5 {[%emt 0:00:01]} Qf3+ {[%emt 0:00:00]} 40. Kxe5 {[%emt 0:00:01]} Qh5+ {[%emt 0:00:04]} 41. Ke6 {[%emt 0:00:01]} Qg6+ {[%emt 0:00:01]} 42. Kd5 {[%emt 0:00:00]} Qg5+ {[%emt 0:00:01]} 43. Kc6 {[%emt 0:00:01]} Qc1 {[%emt 0:00:04]} 44. Qd5+ {[%emt 0:00:01]} Kh7 {[%emt 0:00:01]} 45. Qxc5 {[%emt 0:00:00]} Qxb2 {[%emt 0:00:01]} 46. e5 {[%emt 0:00:01]} b3 {[%emt 0:00:02]} 47. cxb3 {[%emt 0:00:02]} Qxb3 {[%emt 0:00:01]} 48. Qd5 {[%emt 0:00:02]} Qxa4+ {[%emt 0:00:01]} 49. Kd6 {[%emt 0:00:01]} Qa6+ {[%emt 0:00:01]} 50. Qc6 {[%emt 0:00:01]} Qa3+ {[%emt 0:00:01]} 51. Kc7 {[%emt 0:00:00]} Qa5+ {[%emt 0:00:01]} 52. Qb6 {[%emt 0:00:01]} Qxe5+ {[%emt 0:00:00]} 53. Kb7 {[%emt 0:00:00]} Qxh2 {[%emt 0:00:01]} 54. d4 {[%emt 0:00:00]} Qd6 {[%emt 0:00:01]} 55. Ka6 {[%emt 0:00:00]} Qxb6+ {[%emt 0:00:00]} 56. Kxb6 {[%emt 0:00:00]} Kg8 {[%emt 0:00:00]} 57. d5 {[%emt 0:00:00]} Kf8 {[%emt 0:00:00]} 58. Kc7 {[%emt 0:00:00]} Ke8 {[%emt 0:00:00]} 59. d6 {[%emt 0:00:00]} g5 {[%emt 0:00:00]} 60. d7+ {[%emt 0:00:00]} Kf7 {[%emt 0:00:00]} 61. d8=Q {[%emt 0:00:00]} Kg6 {[%emt 0:00:00]} 62. Qd7 {[%emt 0:00:00]} Kh5 {[%emt 0:00:00]} 63. Qd6 {[%emt 0:00:00]} g4 {[%emt 0:00:00]} 64. Kd7 {[%emt 0:00:00]} Kh4 {[%emt 0:00:00]} 65. Ke7 {[%emt 0:00:00]} h5 {[%emt 0:00:00]} 66. Qf6+ {[%emt 0:00:00]} Kh3 {[%emt 0:00:00]} 67. Qf5 {[%emt 0:00:00]} h4 {[%emt 0:00:00]} 68. Kf6 {[%emt 0:00:00] Zeit (Lag: Av=0.60s, max=1.3s) '} 1-0

[Event "Stay Safe Play From Home 302"]
[Site "Emanuel Lasker Arena"]
[Date "2020.07.14"]
[Round "7"]
[White "Klasman"]
[Black "AChessPlayer"]
[Result "0-1"]
[WhiteElo "1318"]
[BlackElo "2365"]
[Annotator "TA"]
[PlyCount "46"]
[EventDate "2020.07.14"]
[EventType "swiss (blitz)"]

{[%evp 9,46,12,17,-2,11,-4,15,-25,22,14,18,7,132,127,116,73,276,167,197,206,207,149,145,111,140,50,114,36,224,-16,196,190,248,-651,0,-55,21,40,37]} 1. f4 d6 2. Nf3 Nd7 3. e4 e5 4. d3 Ngf6 5. Nc3 c6 6. Be3 {[#] C30: King's Gambit Declined.} b5 $146 ({Predecessor:} 6... Be7 7. Qd2 Qc7 8. O-O-O Ng4 9. Bg1 exf4 10. Qxf4 Nge5 11. Kb1 Bf6 12. Qd2 Nb6 {0-1 (38) Henkel,R-Wintergerst,J (2100) Landau 1996}) 7. Be2 b4 8. Nb1 {[%cal Bc3b1,Bb1d2,Bd2b3][%mdl 32] The position is equal.} exf4 9. Bxf4 Qb6 10. Nbd2 Ng4 (10... d5 $11 {keeps the balance.}) 11. d4 $16 d5 12. e5 Ba6 $2 {[#]} (12... Be7 $16 {was worth a try.}) 13. h3 Nh6 14. Bxh6 gxh6 15. Nb3 Be7 16. Qd2 Rg8 17. g4 (17. O-O $16) 17... Nf8 (17... Bxe2 $14 18. Qxe2 (18. Kxe2 Rg6 $14) 18... a5) 18. Qxh6 ({White should try} 18. Bxa6 $16 Qxa6 19. Qxh6) 18... Ne6 $2 {[#]} (18... Bxe2 $14 19. Kxe2 c5) 19. g5 $2 (19. Qxh7 $18 Rg7 20. Qh8+ Bf8 21. Bxa6 Qxa6 22. Nh4) 19... Nxg5 $2 (19... Bxe2 $11 20. Kxe2 Rg7) 20. Nxg5 $18 Bxg5 (20... Bxe2 $142 21. Nxf7 (21. Kxe2 Qa6+ 22. Kf3 Rxg5 $16) (21. Qxh7 Rxg5 22. Kxe2 Qa6+ 23. Kf3 Qc8 $16) (21. Nxh7 Rg6 $16) 21... Kxf7) 21. Qd6 $4 {[%mdl 8192]} (21. Qxh7 $18 O-O-O 22. Bxa6+ (22. Qxf7 Bh4+ 23. Kd1 Bxe2+ 24. Kxe2 Qb5+ 25. Kd2 Bg5+ 26. Ke1 Bh4+ 27. Kd2 Bg5+ 28. Ke1 Bh4+ 29. Kd2 $11) 22... Qxa6 23. h4 (23. Nc5 Qc4 $14)) 21... Be7 $2 (21... Bh4+ $19 22. Kf1 Bxe2+ 23. Kxe2 Rg6) 22. Qh6 $15 Rg6 (22... Bxe2 $15 23. Kxe2 Rg2+ 24. Kf3 Rxc2 25. Qxh7 Rxb2) 23. Qxh7 $11 Bxe2 {[%mdl 32768] Accuracy: White = 26%, Black = 22%. . Loss on time!?} 0-1

[Event "Stay Safe Play From Home 302"]
[Site "Emanuel Lasker Arena"]
[Date "2020.07.14"]
[Round "8"]
[White "Jhhonnyy"]
[Black "AChessPlayer"]
[Result "0-1"]
[WhiteElo "2355"]
[BlackElo "2365"]
[Annotator "TA"]
[PlyCount "129"]
[EventDate "2020.07.14"]
[EventType "swiss (blitz)"]

{[%evp 16,129,45,32,64,70,84,48,69,64,91,82,97,60,79,79,96,72,76,-54,50,-68,54,60,66,-97,52,-2,70,70,64,0,12,-76,79,-94,-100,-88,-112,-106,0,-5,0,-343,-335,-383,-379,-646,-561,-625,-473,-529,-467,-493,-476,-468,-415,-517,-250,-502,-489,-515,-512,-650,-614,-682,-668,-727,-702,-719,-707,-718,-707,-675,-671,-595,-44,-825,-602,-833,-580,-555,-521,-29987,-29988,-29993,-29991,-29992,-29991,-29993,-29994,-29994,-29994,-29996,-29995,-29995,-29983,-29983,-29984,-29984,-29985,-29985,-29985,-29987,-29986,-29986,-29987,-29987,-29983,-29989,-29990,-29992,-29991,-29993,-29990,-29992]} 1. d4 d6 2. c4 Nd7 3. Nf3 Ngf6 4. g3 e5 5. Bg2 Be7 6. O-O O-O 7. Nc3 c6 8. e4 Re8 9. h3 exd4 {A55: Old Indian Defence with Nf3 and e4.} 10. Nxd4 Bf8 11. Re1 Qc7 {White is slightly better.} 12. Qc2 a5 13. Be3 Nc5 14. Rad1 g6 15. b3 Bg7 16. Rc1 Bd7 {[#]} 17. Qd1 $146 (17. Red1 $16) ({Predecessor:} 17. a3 Qc8 18. Kh2 Re5 19. g4 Qf8 20. Rcd1 Ree8 21. Bf4 Rad8 22. Ndb5 Bxg4 23. Bxd6 Bxd1 24. Rxd1 Rxd6 25. Nxd6 {0-1 (43) Altantuya,B (2210)-Zhu,J (2364) Manavgat 2018}) 17... Rad8 ({Black should try} 17... Ncxe4 $15 18. Nxe4 Nxe4) 18. Kh2 (18. Bf4 $14) 18... Bc8 (18... Nfxe4 $15 19. Nxe4 Nxe4) 19. Qc2 $14 h5 20. Qb1 $2 {[#]} (20. Kg1 $14 {stays ahead.}) 20... Nfd7 (20... h4 $1 $17 {[%mdl 512]}) 21. Rcd1 (21. Kg1 $14) 21... Ne5 (21... h4 $11) 22. f4 Ned7 23. Rc1 (23. Qc2 $14) 23... Nf6 $11 24. Bf2 {[#]} (24. Kh1 $11) 24... Bh6 $2 (24... h4 $1 $17 {and life is bright.} 25. g4 Bxg4) 25. a3 $2 {[#]} (25. Nf3 $16 {stays on course.}) 25... h4 $1 $17 {[%mdl 512]} 26. b4 (26. gxh4 Bxf4+) 26... hxg3+ 27. Bxg3 Ne6 (27... axb4 $17 28. axb4 Nh5 29. bxc5 Nxg3 30. Kxg3 Bxf4+ {[%mdl 64] Double Attack} 31. Kf2 Bg3+ 32. Kg1 (32. Kxg3 dxc5+ {[%mdl 64] Discovered Attack} 33. e5 Rxe5 $17) 32... Bxe1 33. Rxe1 Qa5) 28. Nd5 $1 $11 {[%cal Rd5c7]} Nxd5 29. cxd5 $4 {[%mdl 8192]} (29. Nxe6 $11 {and White has nothing to worry.} Bxe6 30. cxd5) 29... Nxd4 $19 30. Qb2 Bg7 {And now ...Nf3+! would win.} 31. Qd2 $2 (31. Qf2) 31... axb4 32. axb4 Qe7 {Hoping for ...Nb3.} 33. dxc6 bxc6 34. Rcd1 Ba6 35. Qf2 Nb5 36. e5 d5 (36... dxe5 $142 37. Bh4 Bf6 38. Bxf6 Qxf6 39. Rxe5 Nc7 40. Rxe8+ Rxe8) 37. h4 $2 (37. Bh4 {was the only defense.} Qd7 38. Bxd8 Qxd8 39. Re3) 37... Nc3 38. Ra1 Bb5 39. Bh3 Ne4 40. Qg2 Nxg3 41. Qxg3 d4 42. h5 d3 43. hxg6 fxg6 44. Qxg6 d2 45. Rg1 {White wants to mate with Be6+!} Qf7 $2 (45... Bc4 $19 46. Qg4 Bb3) 46. Qg3 $2 {[%mdl 8192] White does not recover from this.} (46. Qxf7+ $15 Kxf7 47. Ra7+ Re7 48. e6+ Kf8 49. Rxe7 Kxe7 50. Rxg7+ Kd6 51. Bg4) 46... Rd3 47. Qg4 Rxh3+ 48. Kxh3 {[#]} c5 $1 {[%mdl 512] Threatens to win with ...Bd7!} 49. bxc5 {[#]} Bd7 $1 {[%mdl 512] Black mates.} 50. Rad1 Bxg4+ 51. Rxg4 Rd8 52. Rg2 Qh5+ {[%mdl 64] Double Attack} 53. Kg3 Qxd1 54. Rxd2 Qe1+ 55. Rf2 Qd2 56. Rxd2 Rxd2 57. Kg4 Rc2 58. Kf5 Rxc5 59. Ke4 Kf8 60. Kd4 Ra5 61. Ke4 Bxe5 62. f5 Ke7 63. Kf3 Bf6 64. Kg4 Re5 65. Kf3 {Accuracy: White = 29%, Black = 52%.} 0-1